[Event "DEM U12w 2024"]
[Site "Willingen GER"]
[Date "2024.05.25"]
[Round "9"]
[White "Nönnig, Lotte"]
[Black "Margaryan, Mane"]
[Result "1-0"]
[Termination "normal"]
[Board "14"]
[WhiteElo "1647"]
[BlackElo "1512"]
[WhiteClock "00:22:39"]
[BlackClock "00:29:38"]
[PlyCount "69"]
[WhiteFideId "34611509"]
[BlackFideId "16268237"]
[EventCountry "GER"]
[EventRounds "9"]
[EventType "swiss"]
[EventDate "2024.05.18"]

1. e4 {[%clk 01:30:55]} {[%emt 00:00:03]} c5 {[%clk 01:30:57]} {[%emt
00:00:04]} 2. Nf3 {[%clk 01:31:15]} {[%emt 00:00:11]} e6 {[%clk 01:31:21]}
{[%emt 00:00:06]} 3. d4 {[%clk 01:31:30]} {[%emt 00:00:14]} cxd4 {[%clk
01:31:45]} {[%emt 00:00:07]} 4. Nxd4 {[%clk 01:31:53]} {[%emt 00:00:07]} a6
{[%clk 01:32:09]} {[%emt 00:00:06]} 5. Nc3 {[%clk 01:32:08]} {[%emt 00:00:14]}
Qc7 {[%clk 01:32:18]} {[%emt 00:00:22]} 6. Bd3 {[%clk 01:32:12]} {[%emt
00:00:25]} Nf6 {[%clk 01:31:40]} {[%emt 00:01:09]} 7. f4 {[%clk 01:32:14]}
{[%emt 00:00:27]} Bc5 {[%clk 01:28:42]} {[%emt 00:03:28]} 8. Nb3 {[%clk
01:28:39]} {[%emt 00:04:05]} Ba7 {[%clk 01:22:10]} {[%emt 00:07:03]} 9. e5
{[%clk 01:27:14]} {[%emt 00:01:55]} Nd5 {[%clk 01:21:34]} {[%emt 00:01:06]} 10.
Nxd5 {[%clk 01:25:51]} {[%emt 00:01:53]} exd5 {[%clk 01:21:59]} {[%emt
00:00:05]} 11. Qf3 {[%clk 01:22:44]} {[%emt 00:03:36]} b6 {[%clk 01:17:02]}
{[%emt 00:05:27]} 12. Be3 {[%clk 01:18:41]} {[%emt 00:04:33]} Bb7 {[%clk
01:15:33]} {[%emt 00:01:59]} 13. Qg3 {[%clk 01:17:07]} {[%emt 00:02:03]} g6
{[%clk 01:08:56]} {[%emt 00:07:09]} 14. O-O {[%clk 01:14:45]} {[%emt 00:02:51]}
Nc6 {[%clk 01:07:18]} {[%emt 00:02:08]} 15. Nd4 {[%clk 01:06:58]} {[%emt
00:08:17]} O-O-O {[%clk 01:04:27]} {[%emt 00:03:22]} 16. a3 {[%clk 01:03:02]}
{[%emt 00:04:26]} h5 {[%clk 01:03:39]} {[%emt 00:01:18]} 17. b4 {[%clk
01:01:10]} {[%emt 00:02:22]} Rdg8 {[%clk 01:00:31]} {[%emt 00:03:38]} 18. b5
{[%clk 00:58:54]} {[%emt 00:02:46]} Nxd4 {[%clk 00:59:53]} {[%emt 00:01:07]}
19. Bxd4 {[%clk 00:58:58]} {[%emt 00:00:27]} a5 {[%clk 00:59:44]} {[%emt
00:00:38]} 20. c4 {[%clk 00:56:43]} {[%emt 00:02:45]} Kb8 {[%clk 00:56:54]}
{[%emt 00:03:20]} 21. Rac1 {[%clk 00:52:48]} {[%emt 00:04:24]} h4 {[%clk
00:53:49]} {[%emt 00:03:37]} 22. Qg4 {[%clk 00:51:50]} {[%emt 00:01:25]} Rh7
{[%clk 00:51:06]} {[%emt 00:03:16]} 23. cxd5 {[%clk 00:48:03]} {[%emt
00:04:16]} Qd8 {[%clk 00:50:45]} {[%emt 00:00:51]} 24. d6 {[%clk 00:40:26]}
{[%emt 00:08:07]} Rh5 {[%clk 00:42:21]} {[%emt 00:08:54]} 25. Rc7 {[%clk
00:32:38]} {[%emt 00:08:18]} Bc8 {[%clk 00:38:04]} {[%emt 00:04:46]} 26. Rfc1
{[%clk 00:28:17]} {[%emt 00:04:53]} Bb7 {[%clk 00:36:31]} {[%emt 00:02:03]} 27.
Rxd7 {[%clk 00:27:34]} {[%emt 00:01:12]} Qf8 {[%clk 00:36:05]} {[%emt
00:00:55]} 28. Rcc7 {[%clk 00:26:38]} {[%emt 00:01:27]} Bc8 {[%clk 00:34:19]}
{[%emt 00:02:16]} 29. Rxa7 {[%clk 00:26:05]} {[%emt 00:01:04]} Bxd7 {[%clk
00:34:03]} {[%emt 00:00:46]} 30. Qxd7 {[%clk 00:25:00]} {[%emt 00:01:34]} Qc8
{[%clk 00:32:10]} {[%emt 00:02:23]} 31. Qxc8+ {[%clk 00:24:36]} {[%emt
00:00:53]} Rxc8 {[%clk 00:32:04]} {[%emt 00:00:36]} 32. Bxb6 {[%clk 00:22:30]}
{[%emt 00:02:37]} Rc1+ {[%emt 00:00:55]} 33. Kf2 {[%clk 00:22:38]} {[%emt
00:00:21]} h3 {[%clk 00:31:15]} {[%emt 00:00:56]} 34. Be4 {[%clk 00:22:26]}
{[%emt 00:00:40]} Kc8 {[%clk 00:29:38]} {[%emt 00:02:08]} 35. d7+ {[%clk
00:22:39]} {[%emt 00:00:17]} 1-0

[Event "DEM U12w 2024"]
[Site "Willingen GER"]
[Date "2024.05.25"]
[Round "9"]
[White "Greither, Flora"]
[Black "Briese, Sophie"]
[Result "1/2-1/2"]
[Termination "normal"]
[Board "15"]
[WhiteElo "1430"]
[BlackElo "1475"]
[WhiteClock "00:16:47"]
[BlackClock "00:26:27"]
[PlyCount "80"]
[WhiteFideId "533000697"]
[BlackFideId "34660305"]
[EventCountry "GER"]
[EventRounds "9"]
[EventType "swiss"]
[EventDate "2024.05.18"]

1. d4 {[%clk 01:30:53]} {[%emt 00:00:06]} d5 {[%clk 01:30:50]} {[%emt
00:00:10]} 2. c4 {[%clk 01:31:08]} {[%emt 00:00:15]} e6 {[%clk 01:31:15]}
{[%emt 00:00:05]} 3. Nc3 {[%clk 01:31:28]} {[%emt 00:00:11]} Nf6 {[%clk
01:31:35]} {[%emt 00:00:10]} 4. Nf3 {[%clk 01:31:38]} {[%emt 00:00:19]} c6
{[%clk 01:31:56]} {[%emt 00:00:09]} 5. Bg5 {[%clk 01:31:58]} {[%emt 00:00:09]}
Nbd7 {[%clk 01:32:02]} {[%emt 00:00:26]} 6. e3 {[%clk 01:31:45]} {[%emt
00:00:43]} Qa5 {[%clk 01:32:04]} {[%emt 00:00:27]} 7. Bd3 {[%clk 01:31:10]}
{[%emt 00:01:05]} Bb4 {[%clk 01:30:55]} {[%emt 00:01:40]} 8. Qc2 {[%clk
01:27:30]} {[%emt 00:04:10]} h6 {[%clk 01:29:43]} {[%emt 00:01:42]} 9. Bf4
{[%clk 01:26:50]} {[%emt 00:01:10]} c5 {[%clk 01:19:12]} {[%emt 00:11:00]} 10.
O-O {[%clk 01:25:10]} {[%emt 00:02:10]} O-O {[%clk 01:18:40]} {[%emt 00:01:03]}
11. a3 {[%clk 01:23:20]} {[%emt 00:02:20]} Bxc3 {[%clk 01:18:46]} {[%emt
00:00:24]} 12. bxc3 {[%clk 01:23:34]} {[%emt 00:00:16]} Re8 {[%clk 01:16:52]}
{[%emt 00:02:22]} 13. Rfe1 {[%clk 01:22:51]} {[%emt 00:01:14]} Nh5 {[%clk
01:14:23]} {[%emt 00:02:59]} 14. cxd5 {[%clk 01:18:51]} {[%emt 00:04:30]} exd5
{[%clk 01:12:33]} {[%emt 00:02:20]} 15. Bd6 {[%clk 01:16:28]} {[%emt 00:02:54]}
Qb6 {[%clk 01:12:17]} {[%emt 00:00:44]} 16. dxc5 {[%clk 01:16:19]} {[%emt
00:00:40]} Nxc5 {[%clk 01:10:41]} {[%emt 00:02:07]} 17. Be5 {[%clk 01:16:18]}
{[%emt 00:00:29]} Nxd3 {[%clk 01:09:30]} {[%emt 00:01:42]} 18. Qxd3 {[%clk
01:16:32]} {[%emt 00:00:16]} Qe6 {[%clk 01:05:05]} {[%emt 00:04:53]} 19. Qd4
{[%clk 01:05:16]} {[%emt 00:11:48]} f6 {[%clk 01:03:17]} {[%emt 00:02:19]} 20.
Bf4 {[%clk 01:03:47]} {[%emt 00:01:58]} Qf7 {[%clk 01:00:29]} {[%emt 00:03:16]}
21. Bd6 {[%clk 01:02:47]} Re4 {[%clk 00:58:55]} {[%emt 00:03:31]} 22. Qd3
{[%clk 00:57:29]} Bd7 {[%clk 00:48:27]} {[%emt 00:16:52]} 23. Rab1 {[%clk
00:54:38]} {[%emt 00:03:21]} Bc6 {[%clk 00:48:07]} {[%emt 00:00:49]} 24. Nd4
{[%clk 00:53:01]} {[%emt 00:02:08]} Rc8 {[%clk 00:45:41]} {[%emt 00:02:52]} 25.
f3 {[%clk 00:49:36]} {[%emt 00:03:59]} Ree8 {[%clk 00:42:53]} {[%emt 00:03:15]}
26. Nf5 {[%clk 00:42:03]} {[%emt 00:08:05]} Qd7 {[%clk 00:35:04]} {[%emt
00:08:15]} 27. e4 {[%clk 00:33:35]} {[%emt 00:09:03]} dxe4 {[%clk 00:34:08]}
{[%emt 00:01:24]} 28. fxe4 {[%clk 00:32:28]} {[%emt 00:01:38]} Nf4 {[%clk
00:31:39]} {[%emt 00:02:59]} 29. Qf3 {[%clk 00:25:35]} {[%emt 00:07:10]} Qxf5
{[%clk 00:27:46]} {[%emt 00:04:36]} 30. exf5 {[%clk 00:23:33]} {[%emt
00:02:33]} Bxf3 {[%clk 00:28:09]} {[%emt 00:00:07]} 31. Rxe8+ {[%clk 00:23:23]}
{[%emt 00:00:39]} Rxe8 {[%clk 00:28:28]} {[%emt 00:00:12]} 32. Bxf4 {[%clk
00:20:38]} {[%emt 00:03:15]} Be4 {[%clk 00:27:15]} {[%emt 00:01:38]} 33. Rb4
{[%clk 00:19:29]} {[%emt 00:01:39]} Bxf5 {[%clk 00:27:19]} {[%emt 00:00:30]}
34. Rxb7 {[%clk 00:19:31]} {[%emt 00:00:28]} Rc8 {[%clk 00:26:44]} {[%emt
00:01:06]} 35. Bd2 {[%clk 00:18:21]} {[%emt 00:01:35]} a6 {[%clk 00:26:27]}
{[%emt 00:00:51]} 36. Ra7 {[%clk 00:18:03]} {[%emt 00:00:48]} Bd3 {[%clk
00:26:48]} {[%emt 00:00:09]} 37. Kf2 {[%clk 00:17:32]} {[%emt 00:01:01]} Kh7
{[%clk 00:26:23]} {[%emt 00:00:54]} 38. Ke3 {[%clk 00:17:18]} {[%emt 00:00:45]}
Bb5 {[%clk 00:26:33]} {[%emt 00:00:15]} 39. a4 {[%clk 00:16:33]} {[%emt
00:01:21]} Bxa4 {[%clk 00:26:13]} {[%emt 00:00:50]} 40. Rxa6 {[%clk 00:16:47]}
{[%emt 00:00:16]} Re8+ {[%clk 00:26:27]} {[%emt 00:00:15]} 1/2-1/2

[Event "DEM U12w 2024"]
[Site "Willingen GER"]
[Date "2024.05.25"]
[Round "9"]
[White "Fettan, Nua"]
[Black "Kübart, Ela Marie"]
[Result "1/2-1/2"]
[Termination "normal"]
[Board "16"]
[WhiteElo "1601"]
[BlackElo "1567"]
[WhiteClock "00:24:52"]
[BlackClock "00:31:55"]
[PlyCount "59"]
[WhiteFideId "34637362"]
[BlackFideId "34633723"]
[EventCountry "GER"]
[EventRounds "9"]
[EventType "swiss"]
[EventDate "2024.05.18"]

1. Nf3 {[%clk 01:30:59]} {[%emt 00:00:01]} d5 {[%clk 01:30:30]} {[%emt
00:00:30]} 2. b3 {[%clk 01:31:23]} {[%emt 00:00:06]} e6 {[%clk 01:28:52]}
{[%emt 00:02:08]} 3. Bb2 {[%clk 01:31:45]} {[%emt 00:00:09]} f5 {[%clk
01:28:55]} {[%emt 00:00:26]} 4. e3 {[%clk 01:30:16]} {[%emt 00:01:58]} Nf6
{[%clk 01:28:44]} {[%emt 00:00:42]} 5. Nc3 {[%clk 01:27:35]} {[%emt 00:03:11]}
c6 {[%clk 01:28:00]} {[%emt 00:01:14]} 6. h3 {[%clk 01:26:19]} {[%emt
00:01:46]} Bd6 {[%clk 01:26:58]} {[%emt 00:01:31]} 7. Ne2 {[%clk 01:13:26]}
{[%emt 00:13:23]} O-O {[%clk 01:26:00]} {[%emt 00:01:28]} 8. Ne5 {[%clk
01:11:53]} {[%emt 00:02:04]} Nbd7 {[%clk 01:24:41]} {[%emt 00:01:48]} 9. d4
{[%clk 01:11:44]} {[%emt 00:00:40]} Qa5+ {[%clk 01:23:57]} {[%emt 00:01:06]}
10. Bc3 {[%clk 01:09:27]} {[%emt 00:02:54]} Bb4 {[%clk 01:19:43]} {[%emt
00:04:44]} 11. Qd2 {[%clk 01:06:43]} {[%emt 00:03:14]} Bxc3 {[%clk 01:19:56]}
{[%emt 00:00:17]} 12. Nxc3 {[%clk 01:07:03]} {[%emt 00:00:09]} Qc7 {[%clk
01:18:25]} {[%emt 00:02:00]} 13. f4 {[%clk 01:04:58]} {[%emt 00:02:36]} Ne4
{[%clk 01:17:48]} {[%emt 00:01:08]} 14. Nxe4 {[%clk 01:04:26]} {[%emt
00:01:02]} fxe4 {[%clk 01:18:05]} {[%emt 00:00:12]} 15. Be2 {[%clk 01:03:27]}
{[%emt 00:01:29]} Nxe5 {[%clk 01:15:55]} {[%emt 00:02:40]} 16. dxe5 {[%clk
01:01:43]} {[%emt 00:02:16]} Qf7 {[%clk 01:05:49]} {[%emt 00:10:34]} 17. O-O-O
{[%clk 01:00:40]} {[%emt 00:01:34]} Qe7 {[%clk 01:02:42]} {[%emt 00:03:36]} 18.
Kb2 {[%clk 00:59:04]} {[%emt 00:02:06]} a5 {[%clk 01:00:38]} {[%emt 00:02:34]}
19. Rdg1 {[%clk 00:58:37]} {[%emt 00:00:50]} Bd7 {[%clk 00:59:40]} {[%emt
00:01:36]} 20. h4 {[%clk 00:57:20]} {[%emt 00:01:48]} b5 {[%clk 00:59:37]}
{[%emt 00:00:32]} 21. g4 {[%clk 00:54:16]} {[%emt 00:03:34]} Kf7 {[%clk
00:59:10]} {[%emt 00:00:57]} 22. g5 {[%clk 00:49:11]} {[%emt 00:05:33]} Ke8
{[%clk 00:55:31]} {[%emt 00:04:11]} 23. a3 {[%clk 00:43:21]} {[%emt 00:06:21]}
b4 {[%clk 00:54:24]} {[%emt 00:01:37]} 24. a4 {[%clk 00:42:33]} {[%emt
00:01:17]} c5 {[%clk 00:54:12]} {[%emt 00:00:41]} 25. Rc1 {[%clk 00:41:44]}
{[%emt 00:01:19]} Kd8 {[%clk 00:45:44]} {[%emt 00:08:59]} 26. Rhd1 {[%clk
00:39:42]} {[%emt 00:02:22]} Bc6 {[%clk 00:44:38]} {[%emt 00:01:45]} 27. c4
{[%clk 00:37:05]} {[%emt 00:03:08]} Kc7 {[%clk 00:37:47]} {[%emt 00:07:21]} 28.
Bg4 {[%clk 00:34:48]} {[%emt 00:02:43]} Rfd8 {[%clk 00:36:17]} {[%emt
00:02:02]} 29. Qc2 {[%clk 00:30:47]} {[%emt 00:04:23]} Kb6 {[%clk 00:31:55]}
{[%emt 00:05:02]} 30. Ka2 {[%clk 00:24:52]} {[%emt 00:06:24]} 1/2-1/2

[Event "DEM U12w 2024"]
[Site "Willingen GER"]
[Date "2024.05.25"]
[Round "9"]
[White "Schille, Marlene"]
[Black "Klymenko, Mariia"]
[Result "0-1"]
[Termination "normal"]
[Board "17"]
[WhiteElo "1228"]
[BlackElo "1438"]
[WhiteClock "00:11:46"]
[BlackClock "00:06:36"]
[PlyCount "43"]
[WhiteFideId "533000670"]
[BlackFideId "34620621"]
[EventCountry "GER"]
[EventRounds "9"]
[EventType "swiss"]
[EventDate "2024.05.18"]

1. e4 {[%clk 01:30:59]} e6 {[%clk 01:30:55]} {[%emt 00:00:06]} 2. d4 {[%clk
01:31:21]} {[%emt 00:00:07]} d5 {[%clk 01:31:20]} {[%emt 00:00:05]} 3. e5
{[%clk 01:31:38]} {[%emt 00:00:13]} c5 {[%clk 01:31:45]} {[%emt 00:00:05]} 4.
Nf3 {[%clk 01:31:28]} {[%emt 00:00:41]} cxd4 {[%clk 01:31:23]} {[%emt
00:00:52]} 5. Nxd4 {[%clk 01:31:29]} {[%emt 00:00:28]} Nc6 {[%clk 01:31:06]}
{[%emt 00:00:47]} 6. Bb5 {[%clk 01:29:51]} {[%emt 00:02:08]} Bd7 {[%clk
01:29:48]} {[%emt 00:01:49]} 7. Nc3 {[%clk 01:29:04]} {[%emt 00:01:17]} Nxe5
{[%clk 01:26:24]} {[%emt 00:03:53]} 8. Qe2 {[%clk 01:25:05]} {[%emt 00:04:29]}
Nc6 {[%clk 01:22:56]} {[%emt 00:03:52]} 9. Nxc6 {[%clk 01:20:26]} {[%emt
00:05:16]} Bxc6 {[%clk 01:21:24]} {[%emt 00:02:02]} 10. Qe5 {[%clk 01:15:36]}
{[%emt 00:05:19]} Qd6 {[%clk 01:15:03]} {[%emt 00:06:49]} 11. Qg5 {[%clk
01:09:06]} {[%emt 00:07:02]} g6 {[%clk 01:03:00]} {[%emt 00:12:34]} 12. O-O
{[%clk 00:53:56]} {[%emt 00:15:40]} Bg7 {[%clk 00:55:22]} {[%emt 00:08:07]} 13.
Bf4 {[%clk 00:46:39]} {[%emt 00:07:47]} Qe7 {[%clk 00:46:32]} {[%emt 00:09:13]}
14. Qg3 {[%clk 00:46:22]} {[%emt 00:00:54]} Nf6 {[%clk 00:43:33]} {[%emt
00:03:29]} 15. Rfe1 {[%clk 00:42:37]} {[%emt 00:04:15]} Nh5 {[%clk 00:37:35]}
{[%emt 00:06:27]} 16. Nxd5 {[%clk 00:36:36]} {[%emt 00:06:32]} Bxb5 {[%clk
00:31:59]} {[%emt 00:06:06]} 17. Qb3 {[%clk 00:33:40]} {[%emt 00:03:26]} Qc5
{[%clk 00:25:29]} {[%emt 00:06:59]} 18. Nc7+ {[%clk 00:32:08]} {[%emt
00:02:04]} Ke7 {[%clk 00:25:00]} {[%emt 00:00:52]} 19. Nxe6 {[%clk 00:15:05]}
{[%emt 00:17:38]} Qc4 {[%clk 00:08:58]} {[%emt 00:16:28]} 20. Qa3+ {[%clk
00:12:41]} {[%emt 00:03:00]} Kd7 {[%clk 00:06:57]} {[%emt 00:02:28]} 21. Qd6+
{[%clk 00:11:46]} {[%emt 00:01:27]} Kc8 {[%clk 00:06:36]} {[%emt 00:00:44]} 22.
Nxg7 {[%emt 00:16:40]} 0-1

[Event "DEM U12w 2024"]
[Site "Willingen GER"]
[Date "2024.05.25"]
[Round "9"]
[White "Döscher, Nayla"]
[Black "Bharathula, Akhila"]
[Result "1-0"]
[Termination "normal"]
[Board "18"]
[WhiteElo "1564"]
[BlackElo "1420"]
[WhiteClock "00:21:55"]
[BlackClock "01:30:53"]
[PlyCount "175"]
[WhiteFideId "34625046"]
[BlackFideId "34641777"]
[EventCountry "GER"]
[EventRounds "9"]
[EventType "swiss"]
[EventDate "2024.05.18"]

1. e4 {[%clk 01:30:58]} e5 {[%clk 01:30:55]} {[%emt 00:00:06]} 2. Nf3 {[%clk
01:31:22]} {[%emt 00:00:06]} Nc6 {[%clk 01:31:07]} {[%emt 00:00:18]} 3. Nc3
{[%clk 01:31:26]} {[%emt 00:00:26]} Bc5 {[%clk 01:31:07]} {[%emt 00:00:30]} 4.
Nxe5 {[%clk 01:28:28]} {[%emt 00:03:28]} Bxf2+ {[%clk 01:30:11]} {[%emt
00:01:26]} 5. Kxf2 {[%clk 01:27:38]} {[%emt 00:01:21]} Nxe5 {[%clk 01:30:27]}
{[%emt 00:00:13]} 6. d4 {[%clk 01:24:57]} {[%emt 00:03:12]} Nc6 {[%clk
01:30:02]} {[%emt 00:00:54]} 7. Be3 {[%clk 01:16:33]} {[%emt 00:08:54]} d6
{[%clk 01:28:09]} {[%emt 00:02:24]} 8. Bb5 {[%clk 01:11:44]} {[%emt 00:05:18]}
Nge7 {[%clk 01:27:23]} {[%emt 00:01:17]} 9. Rf1 {[%clk 01:07:54]} {[%emt
00:04:19]} O-O {[%clk 01:26:37]} {[%emt 00:01:17]} 10. Kg1 {[%clk 01:06:10]}
{[%emt 00:02:06]} a6 {[%clk 01:21:41]} {[%emt 00:05:33]} 11. Bxc6 {[%clk
01:04:07]} {[%emt 00:02:33]} Nxc6 {[%clk 01:22:00]} {[%emt 00:00:11]} 12. Qf3
{[%clk 01:00:40]} {[%emt 00:03:54]} f5 {[%clk 01:16:47]} {[%emt 00:05:47]} 13.
Qg3 {[%clk 00:51:31]} {[%emt 00:09:35]} Kh8 {[%clk 01:11:20]} {[%emt 00:06:01]}
14. Rf3 {[%clk 00:46:13]} {[%emt 00:05:44]} Qf6 {[%clk 01:09:38]} {[%emt
00:02:16]} 15. Nd5 {[%clk 00:43:51]} {[%emt 00:02:52]} Qg6 {[%clk 01:08:37]}
{[%emt 00:01:30]} 16. Qxg6 {[%clk 00:43:12]} {[%emt 00:01:09]} hxg6 {[%clk
01:09:02]} {[%emt 00:00:05]} 17. Nxc7 {[%clk 00:42:16]} {[%emt 00:01:26]} Rb8
{[%clk 01:09:01]} {[%emt 00:00:31]} 18. Raf1 {[%clk 00:40:30]} {[%emt
00:02:16]} Kg8 {[%clk 01:08:04]} {[%emt 00:01:28]} 19. Rg3 {[%clk 00:36:04]}
{[%emt 00:04:51]} f4 {[%clk 01:06:38]} {[%emt 00:02:01]} 20. Rxf4 {[%clk
00:34:37]} {[%emt 00:01:56]} Rxf4 {[%clk 01:05:47]} {[%emt 00:01:21]} 21. Bxf4
{[%clk 00:34:44]} {[%emt 00:00:24]} Nxd4 {[%clk 01:05:59]} {[%emt 00:00:17]}
22. Kf2 {[%clk 00:32:24]} {[%emt 00:02:44]} b5 {[%clk 01:03:04]} {[%emt
00:03:31]} 23. Rxg6 {[%clk 00:29:49]} {[%emt 00:03:04]} Nxc2 {[%clk 01:02:47]}
{[%emt 00:00:48]} 24. Rxd6 {[%clk 00:29:44]} {[%emt 00:00:36]} Bb7 {[%clk
01:02:28]} {[%emt 00:00:49]} 25. Nxa6 {[%clk 00:29:17]} {[%emt 00:00:57]} Rf8
{[%clk 01:02:24]} {[%emt 00:00:32]} 26. Kg3 {[%clk 00:27:04]} {[%emt 00:02:32]}
Bxe4 {[%clk 01:02:02]} {[%emt 00:01:04]} 27. Bg5 {[%clk 00:22:51]} {[%emt
00:04:40]} Kh7 {[%clk 00:59:10]} {[%emt 00:03:24]} 28. Nc5 {[%clk 00:19:11]}
{[%emt 00:04:11]} Bf5 {[%clk 00:57:46]} {[%emt 00:01:54]} 29. Rd8 {[%clk
00:16:56]} {[%emt 00:02:46]} Rf7 {[%clk 00:57:47]} {[%emt 00:00:28]} 30. Rb8
{[%clk 00:14:42]} {[%emt 00:02:43]} Nd4 {[%clk 00:56:57]} {[%emt 00:01:21]} 31.
Be3 {[%clk 00:14:05]} {[%emt 00:00:58]} Ne2+ {[%emt 00:02:51]} 32. Kf2 {[%clk
00:13:01]} {[%emt 00:00:11]} Bg4+ {[%clk 00:55:20]} {[%emt 00:01:18]} 33. Ke1
{[%clk 00:12:52]} {[%emt 00:00:20]} Re7 {[%clk 00:55:38]} {[%emt 00:00:28]} 34.
Kd2 {[%clk 00:08:07]} {[%emt 00:05:16]} Bh5 {[%clk 00:54:37]} {[%emt 00:01:32]}
35. Rxb5 {[%clk 00:07:06]} {[%emt 00:01:32]} Re5 {[%clk 00:54:19]} {[%emt
00:00:48]} 36. Rb4 {[%clk 00:06:40]} {[%emt 00:00:55]} Nc1 {[%clk 00:53:37]}
{[%emt 00:01:13]} 37. Bd4 {[%clk 00:04:25]} {[%emt 00:02:45]} Nxa2 {[%clk
00:53:36]} {[%emt 00:00:30]} 38. Bxe5 {[%clk 00:04:41]} {[%emt 00:00:15]} Nxb4
{[%clk 00:54:02]} {[%emt 00:00:03]} 39. Kc3 {[%clk 00:04:08]} {[%emt 00:01:04]}
Nc6 {[%clk 00:54:29]} {[%emt 00:00:04]} 40. Bd4 {[%clk 00:03:34]} {[%emt
00:01:02]} Be8 {[%clk 00:54:46]} {[%emt 00:00:14]} 41. b4 {[%clk 00:03:11]}
{[%emt 00:00:53]} Na7 {[%clk 00:55:09]} {[%emt 00:00:07]} 42. Na6 {[%clk
00:02:35]} {[%emt 00:01:05]} Nb5+ {[%clk 00:55:29]} {[%emt 00:00:11]} 43. Kc4
{[%clk 00:02:20]} {[%emt 00:00:40]} g5 {[%clk 00:55:42]} {[%emt 00:00:22]} 44.
Be5 {[%clk 00:02:05]} {[%emt 00:00:39]} Bc6 {[%clk 00:55:13]} {[%emt 00:01:05]}
45. Kc5 {[%clk 00:01:29]} {[%emt 00:01:05]} Bd7 {[%clk 00:54:47]} {[%emt
00:00:57]} 46. Nc7 {[%clk 00:01:17]} {[%emt 00:00:39]} Na7 {[%clk 00:54:09]}
{[%emt 00:01:11]} 47. b5 {[%clk 00:00:42]} {[%emt 00:01:05]} Nxb5 {[%clk
00:54:06]} {[%emt 00:00:33]} 48. Nxb5 {[%clk 00:00:57]} {[%emt 00:00:16]} Kh6
{[%clk 00:54:28]} {[%emt 00:00:07]} 49. Nd4 {[%clk 00:30:04]} {[%emt 00:01:20]}
g4 {[%clk 01:24:48]} {[%emt 00:00:12]} 50. Kd5 {[%clk 00:29:53]} {[%emt
00:00:37]} Kg5 {[%clk 01:25:06]} {[%emt 00:00:16]} 51. Ke4 {[%clk 00:29:48]}
{[%emt 00:00:30]} Bc8 {[%clk 01:25:18]} {[%emt 00:00:23]} 52. Bf4+ {[%clk
00:28:44]} {[%emt 00:01:34]} Kh5 {[%clk 01:25:31]} {[%emt 00:00:18]} 53. Nf5
{[%clk 00:28:03]} {[%emt 00:01:10]} Bd7 {[%clk 01:25:45]} {[%emt 00:00:17]} 54.
Ng3+ {[%clk 00:23:46]} {[%emt 00:04:46]} Kg6 {[%clk 01:23:32]} {[%emt
00:02:44]} 55. Be3 {[%clk 00:22:50]} {[%emt 00:01:20]} Bc8 {[%clk 01:23:51]}
{[%emt 00:00:18]} 56. Kf4 {[%clk 00:22:53]} {[%emt 00:00:25]} Bd7 {[%clk
01:24:11]} {[%emt 00:00:11]} 57. Nh1 {[%clk 00:21:52]} {[%emt 00:01:29]} Kh5
{[%clk 01:24:29]} {[%emt 00:00:13]} 58. Nf2 {[%clk 00:21:48]} {[%emt 00:00:35]}
Bc8 {[%clk 01:24:50]} {[%emt 00:00:09]} 59. Ne4 {[%clk 00:21:25]} {[%emt
00:00:52]} Kg6 {[%clk 01:23:52]} {[%emt 00:01:28]} 60. Kg3 {[%clk 00:20:35]}
{[%emt 00:01:20]} Bd7 {[%clk 01:23:59]} {[%emt 00:00:25]} 61. Kh4 {[%clk
00:19:04]} {[%emt 00:01:56]} Bc6 {[%clk 01:23:44]} {[%emt 00:00:49]} 62. Nf2
{[%clk 00:18:45]} {[%emt 00:00:47]} Bxg2 {[%clk 01:24:05]} {[%emt 00:00:11]}
63. Nxg4 {[%clk 00:19:00]} {[%emt 00:00:15]} Bb7 {[%clk 01:24:19]} {[%emt
00:00:16]} 64. Nf2 {[%clk 00:18:44]} {[%emt 00:00:45]} Bc8 {[%clk 01:24:38]}
{[%emt 00:00:12]} 65. Ng4 {[%clk 00:18:11]} {[%emt 00:01:02]} Be6 {[%clk
01:24:26]} {[%emt 00:00:43]} 66. Ne5+ {[%clk 00:18:00]} {[%emt 00:00:41]} Kf6
{[%clk 01:24:24]} {[%emt 00:00:32]} 67. Nd3 {[%clk 00:18:14]} {[%emt 00:00:14]}
Kg6 {[%clk 01:24:41]} {[%emt 00:00:15]} 68. Nf4+ {[%clk 00:18:30]} {[%emt
00:00:14]} Kf6 {[%clk 01:24:59]} {[%emt 00:00:12]} 69. Nxe6 {[%clk 00:18:51]}
{[%emt 00:00:09]} Kxe6 {[%clk 01:25:26]} {[%emt 00:00:03]} 70. Kg5 {[%clk
00:19:08]} {[%emt 00:00:13]} Kf7 {[%clk 01:25:52]} {[%emt 00:00:04]} 71. h4
{[%clk 00:18:37]} {[%emt 00:01:01]} Kg7 {[%clk 01:25:56]} {[%emt 00:00:26]} 72.
Bd4+ {[%clk 00:18:52]} {[%emt 00:00:15]} Kh7 {[%clk 01:26:02]} {[%emt
00:00:24]} 73. h5 {[%clk 00:19:13]} {[%emt 00:00:09]} Kg8 {[%clk 01:26:03]}
{[%emt 00:00:29]} 74. Kg6 {[%clk 00:19:37]} {[%emt 00:00:06]} Kf8 {[%clk
01:26:19]} {[%emt 00:00:13]} 75. h6 {[%clk 00:20:03]} {[%emt 00:00:05]} Ke7
{[%clk 01:26:18]} {[%emt 00:00:31]} 76. h7 {[%clk 00:20:27]} {[%emt 00:00:06]}
Kd6 {[%clk 01:26:44]} {[%emt 00:00:04]} 77. h8=Q {[%clk 00:20:48]} {[%emt
00:00:09]} Kc6 {[%clk 01:27:08]} {[%emt 00:00:05]} 78. Qe5 {[%clk 00:21:02]}
{[%emt 00:00:17]} Kd7 {[%clk 01:27:27]} {[%emt 00:00:10]} 79. Qf6 {[%clk
00:21:14]} {[%emt 00:00:17]} Kc7 {[%clk 01:27:53]} {[%emt 00:00:06]} 80. Qe6
{[%emt 00:00:32]} Kb7 {[%clk 01:27:57]} {[%emt 00:00:07]} 81. Qb6+ {[%clk
00:21:40]} {[%emt 00:00:20]} Kc8 {[%clk 01:28:23]} {[%emt 00:00:05]} 82. Qa7
{[%clk 00:21:31]} {[%emt 00:00:40]} Kd8 {[%clk 01:28:49]} {[%emt 00:00:04]} 83.
Bf6+ {[%clk 00:21:42]} {[%emt 00:00:18]} Kc8 {[%clk 01:29:12]} {[%emt
00:00:06]} 84. Qe7 {[%clk 00:21:31]} {[%emt 00:00:41]} Kb8 {[%clk 01:29:38]}
{[%emt 00:00:05]} 85. Qd7 {[%clk 00:21:44]} {[%emt 00:00:17]} Ka8 {[%clk
01:30:01]} {[%emt 00:00:07]} 86. Bd4 {[%clk 00:21:34]} {[%emt 00:00:36]} Kb8
{[%clk 01:30:28]} {[%emt 00:00:06]} 87. Kf7 {[%clk 00:21:55]} {[%emt 00:00:10]}
Ka8 {[%clk 01:30:53]} {[%emt 00:00:05]} 88. Qa7# {[%emt 00:00:07]} 1-0